[Event "Moscow"]
[Site "Moscow"]
[Date "2002.??.??"]
[Round "13"]
[White "Anufriev, Vladimir"]
[Black "Naumkin, Igor"]
[Result "0-1"]
[WhiteElo "2308"]
[BlackElo "2436"]
[PlyCount "66"]
[EventDate "2002.11.??"]
[EventType "tourn"]
[EventRounds "14"]
[EventCountry "RUS"]
[EventCategory "7"]
[SourceTitle "EXT 2004"]
[Source "ChessBase"]
[SourceDate "2003.11.25"]
[SourceVersion "1"]
[SourceVersionDate "2003.11.25"]
[SourceQuality "1"]

1. e4 e6 2. d4 d5 3. Nc3 Bb4 4. e5 c5 5. a3 Bxc3+ 6. bxc3 Ne7 7. Qh5 Qa5 8. Bd2 Qa4 9. Rc1 cxd4 10. Qg4 Nbc6 11. Nf3 b6 12. Qxg7 Rg8 13. Qxh7 dxc3 14. Bxc3 Ba6 15. Bd2 Bxf1 16. Kxf1 Qxa3 17. h4 Qa4 18. Qd3 0-0-0 19. h5 Nf5 20. Rh2 Kb7 21. Re1 Nb4 22. Bxb4 Qxb4 23. Kg1 Rg7 24. Ra1 Qe7 25. Qa6+ Kb8 26. c4 dxc4 27. Qxc4 Qb7 28. Kh1 Rdg8 29. Ne1 Rg4 30. f4 Ng3+ 31. Kg1 Rxf4 32. Qd3 Qd5 33. Qxd5 Rf1# 0-1

[Event "Moscow"]
[Site "Moscow"]
[Date "2002.??.??"]
[Round "8"]
[White "Anufriev, Vladimir"]
[Black "Vul, Arkadi Eremeevich"]
[Result "0-1"]
[WhiteElo "2308"]
[BlackElo "2474"]
[PlyCount "48"]
[EventDate "2002.11.??"]
[EventType "tourn"]
[EventRounds "14"]
[EventCountry "RUS"]
[EventCategory "7"]
[SourceTitle "EXT 2004"]
[Source "ChessBase"]
[SourceDate "2003.11.25"]
[SourceVersion "1"]
[SourceVersionDate "2003.11.25"]
[SourceQuality "1"]

1. e4 e5 2. Nf3 Nc6 3. Bb5 Nge7 4. d4 exd4 5. Nxd4 g6 6. Be3 Bg7 7. Nc3 0-0 8. 0-0 d5 9. Nxd5 Nxd5 10. exd5 Qxd5 11. Nxc6 Qxb5 12. Ne7+ Kh8 13. Bd4 Be6 14. Bxg7+ Kxg7 15. Qd4+ f6 16. c4 Qxc4 17. Qxc4 Bxc4 18. Rfc1 Be6 19. Rxc7 Rf7 20. Re1 Bxa2 21. Rxb7 Kf8 22. Ra1 Be6 23. Raxa7 Rxa7 24. Rxa7 Rxe7 0-1

[Event "Moscow"]
[Site "Moscow"]
[Date "2002.??.??"]
[Round "6"]
[White "Naumkin, Igor"]
[Black "Anufriev, Vladimir"]
[Result "1-0"]
[WhiteElo "2436"]
[BlackElo "2308"]
[PlyCount "109"]
[EventDate "2002.11.??"]
[EventType "tourn"]
[EventRounds "14"]
[EventCountry "RUS"]
[EventCategory "7"]
[SourceTitle "EXT 2004"]
[Source "ChessBase"]
[SourceDate "2003.11.25"]
[SourceVersion "1"]
[SourceVersionDate "2003.11.25"]
[SourceQuality "1"]

1. d4 d5 2. c4 e6 3. Nc3 Nf6 4. Nf3 Be7 5. Bg5 h6 6. Bh4 0-0 7. e3 Ne4 8. Bxe7 Qxe7 9. Rc1 Nxc3 10. Rxc3 Nc6 11. cxd5 exd5 12. Be2 Qd6 13. 0-0 Bf5 14. a3 a5 15. Qb3 Rfb8 16. Rfc1 a4 17. Qd1 Nd8 18. Bb5 Qb6 19. Bxa4 Qxb2 20. Rxc7 Qxa3 21. Bb3 Qd6 22. R7c5 Be6 23. Ne1 Nc6 24. Nd3 Ne7 25. Nf4 Rd8 26. h3 b6 27. Rc7 Rd7 28. R7c2 g5 29. Nh5 Bf5 30. Rc3 Bg6 31. Ng3 Kg7 32. Bc2 Bxc2 33. Qxc2 Qg6 34. Qe2 Kh7 35. Qb5 Raa7 36. R3c2 h5 37. Qb1 Rab7 38. Rb2 Qxb1 39. Rcxb1 h4 40. Ne2 Nc8 41. f4 f6 42. fxg5 fxg5 43. Rc1 Rbc7 44. Rxc7 Rxc7 45. Rb5 Rd7 46. Nc3 Ne7 47. Rxb6 Nf5 48. Kf2 Rf7 49. Ke2 Ng3+ 50. Kd3 Rf2 51. Nxd5 Rxg2 52. Nf6+ Kg7 53. Ng4 Nf5 54. Ke4 Ng3+ 55. Ke5 1-0

[Event "Moscow"]
[Site "Moscow"]
[Date "2002.??.??"]
[Round "14"]
[White "Prosviriakov, Vladimir"]
[Black "Anufriev, Vladimir"]
[Result "1-0"]
[WhiteElo "2347"]
[BlackElo "2308"]
[PlyCount "69"]
[EventDate "2002.11.??"]
[EventType "tourn"]
[EventRounds "14"]
[EventCountry "RUS"]
[EventCategory "7"]
[SourceTitle "EXT 2004"]
[Source "ChessBase"]
[SourceDate "2003.11.25"]
[SourceVersion "1"]
[SourceVersionDate "2003.11.25"]
[SourceQuality "1"]

1. e4 c5 2. Nf3 d6 3. d4 cxd4 4. Qxd4 Nc6 5. Bb5 Bd7 6. Bxc6 Bxc6 7. Nc3 Nf6 8. Bg5 Qb6 9. Qd3 e6 10. 0-0-0 Nd7 11. Rhe1 h6 12. Bh4 Ne5 13. Nxe5 dxe5 14. Nd5 Qa5 15. b4 Bxb4 16. Nxb4 0-0 17. Nxc6 bxc6 18. Be7 Rfe8 19. Qa3 Qb5 20. Rd3 a5 21. Qc5 Qb7 22. Bd6 f6 23. Rb3 Qd7 24. Rd1 Red8 25. Rdd3 Qf7 26. g4 Qg6 27. f3 h5 28. gxh5 Qxh5 29. Qg1 Rd7 30. Bc5 Rad8 31. Rxd7 Rxd7 32. a4 f5 33. Kb2 fxe4 34. fxe4 Qe2 35. Qg6 1-0